[Event "M.Chigorin Memorial 2017 "]
[Site "?????-?????????"]
[Date "2017.10.26"]
[Round "6"]
[Board "81"]
[White "Kamnev, Alexander"]
[Black "Lesovoi, Evgenij"]
[Result "0-1"]
[WhiteElo "2132"]
[BlackElo "2351"]
[PlyCount "94"]
[EventDate "2017.10.21"]
[EventRounds "9"]
[EventCountry "RUS"]

1. e4 e5 2. Nf3 d6 3. Bc4 Be7 4. O-O Nf6 5. d3 O-O 6. c3 a6 7. a4 Nc6 8. Re1
Bg4 9. h3 Bh5 10. Nbd2 Na5 11. Ba2 c5 12. Nf1 b5 13. Ng3 Bg6 14. Bg5 Rb8 15.
Bxf6 Bxf6 16. Bd5 b4 17. Qc2 Qd7 18. Nd2 Rfc8 19. Nc4 Nc6 20. Bxc6 Qxc6 21. Ne3
Bd8 22. Ngf1 f6 23. Nd2 Bf7 24. c4 Qd7 25. b3 g6 26. Nd5 f5 27. Nf1 Bg5 28. Nh2
Rf8 29. Re2 Be6 30. f3 Rf7 31. Ne3 Rbf8 32. Rf1 Qd8 33. Kf2 Bh4+ 34. Kg1 f4 35.
Neg4 Kg7 36. Rd2 h5 37. Nf2 g5 38. Rb1 Rh8 39. Qd1 Rf6 40. Qe2 Rg6 41. Nhg4
hxg4 42. fxg4 Bxf2+ 43. Kxf2 f3 44. gxf3 Rxh3 45. Rg1 Qf6 46. Qe3 Rgh6 47. Ke1
Rxf3  0-1

[Event "M.Chigorin Memorial 2017 "]
[Site "?????-?????????"]
[Date "2017.10.26"]
[Round "6"]
[Board "82"]
[White "Bondarenko, Ivan"]
[Black "Belenkaya, Dina"]
[Result "0-1"]
[WhiteElo "2131"]
[BlackElo "2346"]
[PlyCount "106"]
[EventDate "2017.10.21"]
[EventRounds "9"]
[EventCountry "RUS"]

1. d4 d5 2. c4 dxc4 3. e4 Nf6 4. e5 Nd5 5. Bxc4 Nc6 6. Nc3 Nb6 7. Bb5 Bd7 8. a3
e6 9. Nge2 Ne7 10. Bd3 Bc6 11. f3 Bd5 12. Be3 Qd7 13. Bf2 Bc4 14. Be4 Ned5 15.
Qc2 Be7 16. O-O Nxc3 17. bxc3 Nd5 18. Rfe1 Qb5 19. Reb1 Qc6 20. Ng3 g6 21. Nf1
O-O 22. Nd2 b5 23. Nxc4 bxc4 24. f4 Rab8 25. g4 Kh8 26. h4 Rb6 27. Rxb6 Qxb6
28. Bxd5 exd5 29. Rb1 Qa6 30. f5 gxf5 31. gxf5 Rg8+ 32. Kh1 Qh6 33. f6 Qf4 34.
Rg1 Bxa3 35. Rxg8+ Kxg8 36. Kg1 Bf8 37. Qa4 Qg4+ 38. Kf1 Qh3+ 39. Kg1 Qxc3 40.
Qd7 Qf3 41. Qxc7 c3 42. e6 fxe6 43. Bg3 Qd1+ 44. Kh2 Qe2+ 45. Kh3 c2 46. Be5
Qf3+ 47. Kh2 Qf2+ 48. Kh3 Qf5+ 49. Kh2 h5 50. Bg3 Qe4 51. Qc8 Qe2+ 52. Kh3 Qf1+
53. Kh2 c1=Q  0-1

[Event "M.Chigorin Memorial 2017 "]
[Site "?????-?????????"]
[Date "2017.10.26"]
[Round "6"]
[Board "83"]
[White "Biriukov, Oleg V."]
[Black "Zemnitskiy, Alexander"]
[Result "1-0"]
[WhiteElo "2336"]
[BlackElo "2112"]
[PlyCount "89"]
[EventDate "2017.10.21"]
[EventRounds "9"]
[EventCountry "RUS"]

1. d4 d5 2. c4 e6 3. Nf3 c5 4. cxd5 exd5 5. g3 Nc6 6. Bg2 Nf6 7. O-O Be7 8. Nc3
O-O 9. dxc5 Bxc5 10. a3 Bg4 11. b4 Be7 12. Bb2 a6 13. Rc1 Rc8 14. Rc2 Be6 15.
Rd2 Qc7 16. Qb1 Rfd8 17. Rfd1 Rd7 18. Ng5 h6 19. Nxe6 fxe6 20. Bh3 Rd6 21. e4
d4 22. Ne2 e5 23. Bxc8 Qxc8 24. Kg2 h5 25. Qd3 Qg4 26. f3 Qe6 27. Nc1 Kh7 28.
Qb3 Qd7 29. Nd3 b6 30. Qa4 h4 31. Qxa6 h3+ 32. Kg1 Nxe4 33. fxe4 Bg5 34. Nf2
Be3 35. Qe2 Qf7 36. Kh1 Rf6 37. Nxh3 Qg6 38. Qg2 Qg4 39. Ng1 Nd8 40. Qh3+ Qxh3
41. Nxh3 Bxd2 42. Rxd2 Nf7 43. Rf2 Nd6 44. Rxf6 gxf6 45. Nf2  1-0

[Event "M.Chigorin Memorial 2017 "]
[Site "?????-?????????"]
[Date "2017.10.26"]
[Round "6"]
[Board "84"]
[White "Kiseleva, Arina"]
[Black "Davtyan, Artur"]
[Result "0-1"]
[WhiteElo "2038"]
[BlackElo "2318"]
[PlyCount "78"]
[EventDate "2017.10.21"]
[EventRounds "9"]
[EventCountry "RUS"]

1. c4 e6 2. Nc3 d5 3. d4 Be7 4. Nf3 Nf6 5. Bg5 O-O 6. Qc2 h6 7. Bh4 c5 8. e3
cxd4 9. exd4 Nc6 10. Rd1 b6 11. cxd5 Nb4 12. Qb3 Nbxd5 13. Bc4 Bb7 14. O-O Rc8
15. Nxd5 Bxd5 16. Bxd5 Qxd5 17. Qa4 Qb7 18. h3 Nd5 19. Bg3 Qc6 20. Qxa7 Ra8 21.
Ne5 Qc8 22. Qd7 Qxd7 23. Nxd7 Rfc8 24. Ne5 Rc2 25. Nd3 Rxa2 26. Rc1 Re2 27. Ra1
Rxa1 28. Rxa1 Rd2 29. Ra8+ Kh7 30. Ne5 f5 31. Nc6 f4 32. Bxf4 Nxf4 33. Nxe7
Ne2+ 34. Kh2 Nxd4 35. Ra4 b5 36. Rb4 e5 37. Nc8 Rxf2 38. Nd6 Rf6 39. Ne4 Rf4
 0-1

[Event "M.Chigorin Memorial 2017 "]
[Site "?????-?????????"]
[Date "2017.10.26"]
[Round "6"]
[Board "85"]
[White "Pshmahov, Osman"]
[Black "Xu, Minghui"]
[Result "0-1"]
[WhiteElo "2095"]
[BlackElo "2318"]
[PlyCount "64"]
[EventDate "2017.10.21"]
[EventRounds "9"]
[EventCountry "RUS"]

1. e4 e5 2. Nf3 Nc6 3. Bc4 Bc5 4. c3 Nf6 5. d4 exd4 6. e5 d5 7. Bb5 Ne4 8. cxd4
Bb6 9. O-O O-O 10. h3 f6 11. Nc3 Bf5 12. Be3 Ne7 13. exf6 Rxf6 14. Ne5 c6 15.
Bd3 Nxc3 16. bxc3 h6 17. f4 Bxd3 18. Qxd3 Nf5 19. Bf2 Qc7 20. Rae1 Raf8 21. g4
Nd6 22. f5 Ne4 23. Bh4 Qxe5 24. Bxf6 Rxf6 25. Kg2 Qd6 26. c4 Bc7 27. Rh1 g6 28.
cxd5 cxd5 29. Qf3 gxf5 30. gxf5 Rf7 31. Re3 Rg7+ 32. Kf1 Nd2+  0-1

[Event "M.Chigorin Memorial 2017 "]
[Site "?????-?????????"]
[Date "2017.10.26"]
[Round "6"]
[Board "86"]
[White "Borisovsky, Dmitry"]
[Black "Khalaji, Hanieh"]
[Result "1-0"]
[WhiteElo "2304"]
[BlackElo "2093"]
[PlyCount "57"]
[EventDate "2017.10.21"]
[EventRounds "9"]
[EventCountry "RUS"]

1. e4 e6 2. d4 d5 3. Nc3 Bb4 4. e5 b6 5. Qg4 Bf8 6. f4 Qd7 7. Nf3 Ne7 8. Qh3 a5
9. g4 Ba6 10. Be3 h5 11. Ng5 Rh6 12. gxh5 Bxf1 13. Qxf1 Nf5 14. Bf2 Rxh5 15.
O-O-O c6 16. Ne2 c5 17. Ng3 Nxg3 18. hxg3 Rxh1 19. Qxh1 Na6 20. f5 c4 21. Qh5
Nc7 22. g4 a4 23. a3 b5 24. Bh4 b4 25. Rf1 Ra7 26. fxe6 Nxe6 27. Rxf7 Qxf7 28.
Nxf7 Rxf7 29. Qg6  1-0

[Event "M.Chigorin Memorial 2017 "]
[Site "?????-?????????"]
[Date "2017.10.26"]
[Round "6"]
[Board "87"]
[White "Gorbatenko, Alexander"]
[Black "Nazaretyan, Tigran"]
[Result "0-1"]
[WhiteElo "2042"]
[BlackElo "2303"]
[PlyCount "118"]
[EventDate "2017.10.21"]
[EventRounds "9"]
[EventCountry "RUS"]

1. d4 Nf6 2. c4 c5 3. Nf3 cxd4 4. Nxd4 b6 5. Nc3 Bb7 6. f3 d6 7. e4 e6 8. Be3
Be7 9. Be2 O-O 10. O-O Nbd7 11. a3 a6 12. b4 Qc7 13. Qb3 Rac8 14. Rac1 Rfe8 15.
Nd1 Qb8 16. Bf2 Bd8 17. Ne3 Bc7 18. g3 Qa8 19. Rfd1 Bb8 20. Bf1 Ne5 21. Bg2 g5
22. g4 h5 23. h3 h4 24. Ne2 d5 25. cxd5 Rxc1 26. Nxc1 exd5 27. Nxd5 Nxd5 28.
exd5 b5 29. Qe3 Bd6 30. Qxg5+ Ng6 31. f4 Bxf4 32. Qf6 Be5 33. Qg5 Kg7 34. Be3
Bf6 35. Qh6+ Kg8 36. Nb3 Bg7 37. Qg5 Re5 38. Nc5 Rxg5 39. Bxg5 Ne5 40. Bxh4 Qc8
41. Bg3 Nd7 42. Nxb7 Qxb7 43. Rc1 Be5 44. Bf2 Qb8 45. Rc6 Bg3 46. Bd4 Be5 47.
Bf2 Bh2+ 48. Kh1 Qf4 49. Rc8+ Kg7 50. Bd4+ Qxd4 51. Kxh2 Ne5 52. Rc2 Nc4 53.
Ra2 Ne3 54. Re2 Nxd5 55. Bxd5 Qxd5 56. Rg2 Qb3 57. Rg3 Qb2+ 58. Kh1 Qf2 59. Rb3
Kg6  0-1

[Event "M.Chigorin Memorial 2017 "]
[Site "?????-?????????"]
[Date "2017.10.26"]
[Round "6"]
[Board "88"]
[White "Nikitinyh, Boris"]
[Black "Vasilyev, Vasily"]
[Result "0-1"]
[WhiteElo "2027"]
[BlackElo "2291"]
[PlyCount "76"]
[EventDate "2017.10.21"]
[EventRounds "9"]
[EventCountry "RUS"]

1. e4 c5 2. Nc3 d6 3. g3 Nc6 4. Bg2 g6 5. Nf3 Bg7 6. O-O e6 7. Re1 Nge7 8. d3
O-O 9. Bg5 Rb8 10. Qd2 Nd4 11. Bh6 Nec6 12. Bxg7 Kxg7 13. Nxd4 cxd4 14. Ne2 e5
15. c3 Bg4 16. f3 Qb6 17. Kh1 Be6 18. c4 Qb4 19. Qc2 b5 20. a3 Qa4 21. b3 Qa6
22. Nc1 Rfc8 23. Qd1 Qa5 24. Ra2 Rc7 25. Bf1 Rcb7 26. Be2 Qc7 27. Rc2 h5 28. h4
Qd7 29. Rg1 Bxc4 30. g4 Be6 31. gxh5 Bxb3 32. Bf1 Bxc2 33. Qxc2 Rh8 34. hxg6
Rxh4+ 35. Kg2 fxg6 36. Kf2 b4 37. Ke1 bxa3 38. Ne2 Nb4  0-1

[Event "M.Chigorin Memorial 2017 "]
[Site "?????-?????????"]
[Date "2017.10.26"]
[Round "6"]
[Board "89"]
[White "Klepikov, Nikita"]
[Black "Myshkovskiy, Sviatoslav"]
[Result "1-0"]
[WhiteElo "2272"]
[BlackElo "2062"]
[PlyCount "59"]
[EventDate "2017.10.21"]
[EventRounds "9"]
[EventCountry "RUS"]

1. e4 e5 2. Nf3 Nc6 3. Bb5 Nf6 4. Qe2 Bc5 5. c3 O-O 6. d3 d5 7. Bg5 Re8 8. Nbd2
a5 9. Bxf6 gxf6 10. Nh4 f5 11. Nxf5 Bxf5 12. exf5 Qg5 13. g4 e4 14. dxe4 dxe4
15. Nxe4 Qf4 16. f3 Re7 17. Bxc6 bxc6 18. Kd1 Be3 19. Nf6+ Kh8 20. Kc2 Qa4+ 21.
b3 Qa3 22. Ne4 Bf4 23. Rhd1 Qc5 24. Qd3 Qe5 25. h3 a4 26. Qd4 axb3+ 27. axb3
Rxa1 28. Rxa1 f6 29. Ra8+ Kg7 30. Qd8  1-0

[Event "M.Chigorin Memorial 2017 "]
[Site "?????-?????????"]
[Date "2017.10.26"]
[Round "6"]
[Board "90"]
[White "Kutyanina, Mariya"]
[Black "Obgolts, Erik"]
[Result "0-1"]
[WhiteElo "2020"]
[BlackElo "2271"]
[PlyCount "102"]
[EventDate "2017.10.21"]
[EventRounds "9"]
[EventCountry "RUS"]

1. e4 c5 2. Nf3 e6 3. d4 cxd4 4. Nxd4 a6 5. Nc3 d6 6. Be3 Nf6 7. f4 Be7 8. Qf3
Qc7 9. O-O-O O-O 10. g4 Nc6 11. g5 Nxd4 12. Bxd4 Nd7 13. Rg1 b5 14. f5 b4 15.
Ne2 exf5 16. exf5 Bb7 17. Qg4 Rac8 18. Rd2 Ne5 19. Bxe5 dxe5 20. f6 Bc5 21. Rg3
Rfd8 22. Rxd8+ Rxd8 23. fxg7 Qb6 24. Rd3 Be3+ 25. Kb1 e4 26. Rxd8+ Qxd8 27. Nf4
Qd2 28. a4 bxa3 29. Ka2 Bxf4 30. Bc4 Bd5 31. Qc8+ Kxg7 32. Qxa6 Bxc4+ 33. Qxc4
axb2 34. Qxe4 Bxg5 35. Kxb2 Bf6+ 36. Kb1 Qd1+ 37. Ka2 Qa1+ 38. Kb3 Qc3+ 39. Ka4
Qd4+ 40. Qxd4 Bxd4 41. Kb4 Kg6 42. Kc4 Bg1 43. h3 Kg5 44. Kd5 Kf4 45. c4 f5 46.
Ke6 Ke4 47. h4 f4 48. h5 f3 49. Kf7 f2 50. Kg7 f1=Q 51. Kxh7 Qf7+  0-1

[Event "M.Chigorin Memorial 2017 "]
[Site "?????-?????????"]
[Date "2017.10.26"]
[Round "6"]
[Board "91"]
[White "Rjabzev, Konstantin"]
[Black "Pryalukhin, Danila"]
[Result "1/2-1/2"]
[WhiteElo "2270"]
[BlackElo "2031"]
[PlyCount "61"]
[EventDate "2017.10.21"]
[EventRounds "9"]
[EventCountry "RUS"]

1. Nf3 Nf6 2. g3 b6 3. Bg2 Bb7 4. O-O e6 5. d3 c5 6. e4 d6 7. Nbd2 Qc7 8. Re1
Nbd7 9. c3 Be7 10. d4 cxd4 11. cxd4 O-O 12. b3 Rac8 13. Ba3 b5 14. e5 Nd5 15.
exd6 Bxd6 16. Bxd6 Qxd6 17. Ne4 Qb6 18. Ne5 Nxe5 19. dxe5 Nc3 20. Qd6 Nxe4 21.
Qxb6 axb6 22. Bxe4 Bxe4 23. Rxe4 Rfd8 24. a4 h6 25. Rb4 Rd5 26. Re1 Rcc5 27.
Rbe4 Rc3 28. Rb4 Rcc5 29. Rbe4 Rc3 30. Rb4 Rcc5 31. Rbe4  1/2-1/2

[Event "M.Chigorin Memorial 2017 "]
[Site "?????-?????????"]
[Date "2017.10.26"]
[Round "6"]
[Board "92"]
[White "Grinblat, Artemiy"]
[Black "Veselov, Andrey"]
[Result "1-0"]
[WhiteElo "2268"]
[BlackElo "2056"]
[PlyCount "69"]
[EventDate "2017.10.21"]
[EventRounds "9"]
[EventCountry "RUS"]

1. e4 c5 2. c3 g6 3. d4 cxd4 4. cxd4 d5 5. e5 Nc6 6. Nc3 Bg7 7. h3 Nh6 8. Nf3
O-O 9. Be2 f6 10. exf6 exf6 11. O-O Nf5 12. Bf4 Be6 13. Re1 Bf7 14. Rc1 Rc8 15.
Qa4 Qb6 16. Nb5 Rfd8 17. g4 Bh6 18. Bxh6 Nxh6 19. Qa3 a6 20. Nd6 Rc7 21. Qc5
Qxc5 22. dxc5 d4 23. Bc4 Bxc4 24. Rxc4 Kf8 25. Nxd4 Nxd4 26. Rxd4 Rxc5 27. Nxb7
Rxd4 28. Nxc5 Rd2 29. Re6 Kf7 30. Rxf6+ Kxf6 31. Ne4+ Ke5 32. Nxd2 Kd4 33. Nb3+
Kc4 34. f4 Nf7 35. Kf2  1-0

[Event "M.Chigorin Memorial 2017 "]
[Site "?????-?????????"]
[Date "2017.10.26"]
[Round "6"]
[Board "93"]
[White "Tsapalin, Sergey"]
[Black "Makarian, Rudik"]
[Result "0-1"]
[WhiteElo "2016"]
[BlackElo "2263"]
[PlyCount "78"]
[EventDate "2017.10.21"]
[EventRounds "9"]
[EventCountry "RUS"]

1. c4 Nf6 2. Nc3 g6 3. e4 d6 4. d4 Bg7 5. Bg5 Nbd7 6. f3 c5 7. d5 O-O 8. Nh3 a6
9. a4 Re8 10. Qd2 Ne5 11. Nf2 Qa5 12. Ra3 e6 13. Be2 exd5 14. Nxd5 Qxd2+ 15.
Bxd2 Nxd5 16. cxd5 f5 17. O-O Bd7 18. Rfa1 Rab8 19. Rb1 b5 20. axb5 Bxb5 21.
Bxb5 axb5 22. Ra6 Nc4 23. Bc3 Ra8 24. Rxa8 Rxa8 25. Bxg7 Kxg7 26. Nd3 Ra2 27.
b4 Nd2 28. Rd1 c4 29. Nc1 Rc2 30. Re1 Nb3 31. Ne2 Kf6 32. exf5 gxf5 33. Nf4 Rc1
34. Kf2 Rxe1 35. Kxe1 Ke5 36. g3 Nd4 37. Kf2 Nc2 38. Ne2 Nxb4 39. Nc3 Nd3+  0-1

[Event "M.Chigorin Memorial 2017 "]
[Site "?????-?????????"]
[Date "2017.10.26"]
[Round "6"]
[Board "94"]
[White "Kuznetsov, Roman"]
[Black "Salman, Pavel"]
[Result "0-1"]
[WhiteElo "2004"]
[BlackElo "2260"]
[PlyCount "76"]
[EventDate "2017.10.21"]
[EventRounds "9"]
[EventCountry "RUS"]

1. e4 c5 2. Nf3 e6 3. d4 cxd4 4. Nxd4 a6 5. Bd3 Nf6 6. Nc3 Qc7 7. Bg5 Bb4 8.
Nde2 Nc6 9. O-O Be7 10. f4 d6 11. Bxf6 Bxf6 12. Kh1 Bd7 13. a3 g6 14. Qe1 Qd8
15. Rd1 Qe7 16. Qf2 O-O 17. Ng3 b5 18. Be2 Rab8 19. Bf3 b4 20. Na4 Nd4 21. Rxd4
Bxd4 22. Qxd4 Bxa4 23. e5 d5 24. f5 exf5 25. Bxd5 Bxc2 26. e6 fxe6 27. Qe5 Rbe8
28. Re1 Qf6 29. Bxe6+ Kg7 30. Qc7+ Re7 31. Qxc2 Rxe6 32. Rd1 bxa3 33. bxa3 Rfe8
34. Qc1 f4 35. Rf1 Qd4 36. Qxf4 Qxf4 37. Rxf4 Re1+ 38. Nf1 Rf8  0-1

[Event "M.Chigorin Memorial 2017 "]
[Site "?????-?????????"]
[Date "2017.10.26"]
[Round "6"]
[Board "95"]
[White "Shakirova, Renata"]
[Black "Marinskii, Yurii"]
[Result "1/2-1/2"]
[WhiteElo "2004"]
[BlackElo "2238"]
[PlyCount "149"]
[EventDate "2017.10.21"]
[EventRounds "9"]
[EventCountry "RUS"]

1. e4 c5 2. Nf3 g6 3. d4 cxd4 4. Nxd4 Bg7 5. Nc3 Nc6 6. Be3 Nf6 7. Bc4 O-O 8.
Bb3 d6 9. f3 Nxd4 10. Bxd4 Be6 11. Bxe6 fxe6 12. Qd3 Qa5 13. O-O-O Rac8 14. Kb1
Rc6 15. h4 Nh5 16. Ne2 e5 17. Bc3 Qc5 18. Qd2 h6 19. Nc1 Rfc8 20. Nd3 Qb6 21.
Ka1 Rc4 22. Nb4 Nf4 23. Nd5 Nxd5 24. Qxd5+ Kh7 25. Qf7 Qc7 26. Rd3 b5 27. a3 a5
28. f4 Rf8 29. Qe6 b4 30. fxe5 bxc3 31. b3 Qc5 32. b4 Qc8 33. Qxe7 Re8 34. Qxd6
axb4 35. h5 g5 36. Qg6+ Kh8 37. Rd6 bxa3 38. Rhd1 Qb8 39. Rb1 Qc8 40. Rb7 Rg8
41. Rdd7 Qc6 42. Rxg7 Qxg6 43. Rxg6 Rxg6 44. hxg6 Rc6 45. Rh7+ Kg8 46. Rxh6 Kg7
47. Rh7+ Kxg6 48. Ra7 Rc4 49. Rxa3 Kf7 50. Ka2 Ke6 51. Kb3 Rxe4 52. Ra6+ Kxe5
53. Kxc3 Re3+ 54. Kd2 Rg3 55. Ra5+ Kf4 56. Ra4+ Kf5 57. Ra5+ Kg6 58. c4 Rxg2+
59. Ke3 Rc2 60. Rc5 Kh5 61. Rc8 Kg4 62. c5 Kg3 63. c6 g4 64. c7 Rc6 65. Ke2
Re6+ 66. Kd2 Re7 67. Kd3 Rg7 68. Ke2 Kg2 69. Kd3 g3 70. Kc4 Rf7 71. Kb5 Kf2 72.
Kb6 g2 73. Rg8 Rxc7 74. Rxg2+ Kxg2 75. Kxc7  1/2-1/2

[Event "M.Chigorin Memorial 2017 "]
[Site "?????-?????????"]
[Date "2017.10.26"]
[Round "6"]
[Board "96"]
[White "Natarov, Ilya"]
[Black "Nasibullin, Iskander"]
[Result "0-1"]
[WhiteElo "1961"]
[BlackElo "2234"]
[PlyCount "78"]
[EventDate "2017.10.21"]
[EventRounds "9"]
[EventCountry "RUS"]

1. d4 Nf6 2. c4 e6 3. Nc3 Bb4 4. e3 O-O 5. Nge2 d5 6. a3 Be7 7. cxd5 exd5 8.
Nf4 c6 9. Bd3 Nbd7 10. O-O Re8 11. b4 Nb6 12. f3 Bd6 13. Bd2 Qc7 14. Rc1 Nc4
15. Bxc4 dxc4 16. g3 Bxf4 17. gxf4 Bh3 18. Re1 Rad8 19. Qe2 b5 20. Qf2 Qd7 21.
Ne2 Bf5 22. e4 Bxe4 23. fxe4 Nxe4 24. Qe3 Nc5 25. bxc5 Rxe3 26. Bxe3 h5 27. Ng3
Qg4 28. Kf2 Qh3 29. Rg1 Re8 30. Nf1 h4 31. Re1 f6 32. Rg2 Qf5 33. a4 b4 34. Nd2
Qd3 35. Rg4 Rxe3 36. Rxe3 Qxd2+ 37. Kf3 Qd1+ 38. Re2 Qf1+ 39. Ke3 Qh3+  0-1

[Event "M.Chigorin Memorial 2017 "]
[Site "?????-?????????"]
[Date "2017.10.26"]
[Round "6"]
[Board "97"]
[White "Nikitin, Sergey E."]
[Black "Zimin, Alexey"]
[Result "1/2-1/2"]
[WhiteElo "1923"]
[BlackElo "2227"]
[PlyCount "103"]
[EventDate "2017.10.21"]
[EventRounds "9"]
[EventCountry "RUS"]

1. e4 c5 2. c3 d5 3. exd5 Qxd5 4. d4 g6 5. Nf3 Bg7 6. Na3 cxd4 7. Bc4 Qe4+ 8.
Be3 Nh6 9. cxd4 O-O 10. Nb5 a6 11. Nc3 Qc6 12. Bb3 Bg4 13. Nd5 Qb5 14. Rc1 Qa5+
15. Qd2 Qxd2+ 16. Nxd2 Nc6 17. h3 Bd7 18. Nb6 Rad8 19. d5 Ne5 20. Ke2 Bb5+ 21.
Ndc4 Nf5 22. a4 Bxc4+ 23. Bxc4 Nxc4 24. Rxc4 Bxb2 25. Rc7 Rfe8 26. Rb1 Bg7 27.
Rxb7 e6 28. dxe6 Rxe6 29. Nc4 Nxe3 30. Nxe3 Bh6 31. Rb8 Rxb8 32. Rxb8+ Kg7 33.
Kf3 Rf6+ 34. Ke2 Rf4 35. g3 Rxa4 36. f4 Ra3 37. Kf3 g5 38. Rb6 gxf4 39. gxf4 f6
40. h4 Kg6 41. Rb7 a5 42. Kg4 f5+ 43. Nxf5 Bf8 44. h5+ Kf6 45. Rxh7 Ra1 46. Ra7
a4 47. Ra6+ Kf7 48. h6 Rh1 49. Ra7+ Kg6 50. Rxa4 Rg1+ 51. Ng3 Kxh6 52. Ra6+
 1/2-1/2

[Event "M.Chigorin Memorial 2017 "]
[Site "?????-?????????"]
[Date "2017.10.26"]
[Round "6"]
[Board "98"]
[White "Tsvetkov, Andrey"]
[Black "Misyura, Ilya"]
[Result "1/2-1/2"]
[WhiteElo "2218"]
[BlackElo "1974"]
[PlyCount "112"]
[EventDate "2017.10.21"]
[EventRounds "9"]
[EventCountry "RUS"]

1. d4 Nf6 2. c4 g6 3. Nc3 Bg7 4. e4 d6 5. Nf3 O-O 6. Be2 c5 7. O-O Nc6 8. d5
Na5 9. Qc2 e5 10. b3 Ne8 11. Ne1 f5 12. exf5 gxf5 13. f4 e4 14. Be3 Bd4 15. Qd2
Qf6 16. Rc1 Bd7 17. Nd1 b6 18. Nc2 Bxe3+ 19. Qxe3 Qg6 20. h3 h5 21. Kh2 Nf6 22.
Qf2 Kf7 23. Qh4 Rh8 24. Nce3 Rag8 25. Rc3 Nb7 26. Rg1 Nd8 27. Nf1 Bc8 28. a3
Bd7 29. Ng3 Ng4+ 30. Kh1 Qf6 31. Qxf6+ Nxf6 32. h4 Ng4 33. Nf1 Kf6 34. g3 Nf7
35. Nfe3 Nfh6 36. Nxg4+ Nxg4 37. Ne3 Nxe3 38. Rxe3 Kg6 39. b4 Rb8 40. Rb1 Rhc8
41. b5 Ra8 42. Reb3 Rc7 43. a4 Rb8 44. Ra1 Rbb7 45. a5 Rc8 46. Rba3 Kh6 47.
axb6 axb6 48. Ra8 Kg6 49. Kg2 Kh6 50. Kf2 Kg6 51. Ke3 Kh6 52. Bf1 Kg6 53. Bh3
Kf6 54. Bf1 Kg6 55. Be2 Kh6 56. R1a6 Kg6  1/2-1/2

[Event "M.Chigorin Memorial 2017 "]
[Site "?????-?????????"]
[Date "2017.10.26"]
[Round "6"]
[Board "99"]
[White "Khadzhiev, Valery"]
[Black "Chekletsov, Egor"]
[Result "1-0"]
[WhiteElo "2208"]
[BlackElo "1970"]
[PlyCount "105"]
[EventDate "2017.10.21"]
[EventRounds "9"]
[EventCountry "RUS"]

1. d4 Nf6 2. c4 c5 3. d5 g6 4. Nc3 d6 5. e4 Bg7 6. Nf3 O-O 7. Be2 Bg4 8. Be3
Bxf3 9. Bxf3 Na6 10. Qd2 Re8 11. Bh6 Bh8 12. h4 e6 13. dxe6 Rxe6 14. h5 Nc7 15.
hxg6 hxg6 16. O-O-O Rb8 17. Bf4 b5 18. Bxd6 Bg7 19. e5 Nfe8 20. Bg4 Bxe5 21.
Bxe5 Qxd2+ 22. Rxd2 Rxe5 23. cxb5 Nf6 24. Be2 Ne4 25. Nxe4 Rxe4 26. Rhd1 Kg7
27. Bf3 Rc4+ 28. Rc2 Rxc2+ 29. Kxc2 Nxb5 30. Rd5 Nd4+ 31. Kc3 Rb5 32. b3 Ra5
33. a4 Ra6 34. Bd1 Rf6 35. f3 Rc6 36. Kc4 Ne6 37. Rd7 a6 38. Bc2 Rb6 39. Be4
Rb4+ 40. Kc3 Nf4 41. Rb7 Rd4 42. g4 Ne2+ 43. Kc2 Ng3 44. Bc6 c4 45. b4 Ne2 46.
Be4 c3 47. Bd3 Nf4 48. Bxa6 Nd5 49. Kb3 Rxb4+ 50. Rxb4 Nxb4 51. Bb7 f5 52. gxf5
gxf5 53. Kxc3  1-0

[Event "M.Chigorin Memorial 2017 "]
[Site "?????-?????????"]
[Date "2017.10.26"]
[Round "6"]
[Board "100"]
[White "Sokolov, Ilia"]
[Black "Davydov, Sergey P."]
[Result "0-1"]
[WhiteElo "1909"]
[BlackElo "2207"]
[PlyCount "82"]
[EventDate "2017.10.21"]
[EventRounds "9"]
[EventCountry "RUS"]

1. Nf3 Nf6 2. g3 d5 3. Bg2 c6 4. O-O h6 5. d3 Bf5 6. c4 e6 7. Nc3 Nbd7 8. h3
Be7 9. Be3 e5 10. cxd5 cxd5 11. d4 e4 12. Ne5 O-O 13. Qb3 Nb6 14. a4 a5 15. Nb5
Ne8 16. f3 exf3 17. Nxf3 Nc4 18. Ne5 Be6 19. Nxc4 dxc4 20. Qc2 Bd5 21. Bxd5
Qxd5 22. Qf5 Qd8 23. Rac1 Rc8 24. Na7 Nd6 25. Qg4 f5 26. Qf3 Ra8 27. Nb5 Rc8
28. Qd5+ Kh8 29. Nxd6 Bxd6 30. Rxf5 Rxf5 31. Qxf5 Bxg3 32. Qg4 Qc7 33. d5 Be5
34. d6 Bxd6 35. Bd4 Bc5 36. Rxc4 Bxd4+ 37. Rxd4 Qc1+ 38. Kh2 Rf8 39. Rd7 Rf2+
40. Kg3 Qe3+ 41. Kh4 Rf4  0-1

[Event "M.Chigorin Memorial 2017 "]
[Site "?????-?????????"]
[Date "2017.10.26"]
[Round "6"]
[Board "101"]
[White "Khokhlova, Daria"]
[Black "Pogorelskikh, Sofia"]
[Result "1-0"]
[WhiteElo "2207"]
[BlackElo "1959"]
[PlyCount "159"]
[EventDate "2017.10.21"]
[EventRounds "9"]
[EventCountry "RUS"]

1. d4 Nf6 2. c4 g6 3. g3 Bg7 4. Bg2 d5 5. cxd5 Nxd5 6. Nf3 Nb6 7. Nc3 Nc6 8. e3
O-O 9. O-O Re8 10. Re1 a5 11. h3 a4 12. Rb1 h5 13. Kh2 a3 14. bxa3 e5 15. dxe5
Nxe5 16. Nxe5 Qxd1 17. Rxd1 Bxe5 18. Nd5 Nxd5 19. Bxd5 Bd6 20. Bxb7 Bxb7 21.
Rxb7 Bxa3 22. Bxa3 Rxa3 23. Rd2 Rea8 24. Rbb2 Kg7 25. Kg2 R8a7 26. Kf1 Kf6 27.
Ke2 Ke6 28. Kd1 Rc3 29. Rdc2 Rxc2 30. Rxc2 Kd5 31. Kd2 Ra3 32. Kc1 Ra7 33. Kb2
g5 34. a3 c5 35. Kb3 Rb7+ 36. Kc3 Ra7 37. Ra2 Ra5 38. f3 f5 39. a4 Ke5 40. Kb3
g4 41. hxg4 hxg4 42. fxg4 fxg4 43. Rf2 Ke4 44. Rf4+ Kxe3 45. Rxg4 Kd3 46. Rc4
Ra7 47. Rxc5 Rb7+ 48. Rb5 Rg7 49. Ka3 Kc4 50. Rb4+ Kc5 51. g4 Kc6 52. Rf4 Kb6
53. Kb4 Rg5 54. Kc4 Kc6 55. Kd4 Kd6 56. Ke3 Rc5 57. Rb4 Ke6 58. Kf4 Ra5 59. Kg3
Kf6 60. Kh4 Kg6 61. Kg3 Ra6 62. Kf4 Kf6 63. Ke4 Ke6 64. Kd4 Kd6 65. Kc4 Kc6 66.
Kb3 Ra5 67. Rb5 Ra7 68. g5 Rf7 69. Kb4 Rf4+ 70. Ka5 Rg4 71. g6 Kc7 72. Rb6 Kc8
73. Kb5 Rg5+ 74. Ka6 Rg4 75. a5 Rg5 76. Rf6 Kc7 77. Rf7+ Kc6 78. g7 Rg6 79.
Rf6+ Rxf6 80. g8=Q  1-0

[Event "M.Chigorin Memorial 2017 "]
[Site "?????-?????????"]
[Date "2017.10.26"]
[Round "6"]
[Board "102"]
[White "Utiatskaja, Irina"]
[Black "Eynullayev, Atilla"]
[Result "0-1"]
[WhiteElo "2203"]
[BlackElo "1919"]
[PlyCount "86"]
[EventDate "2017.10.21"]
[EventRounds "9"]
[EventCountry "RUS"]

1. d4 Nf6 2. Nf3 g6 3. c4 Bg7 4. Nc3 d5 5. e3 O-O 6. cxd5 Nxd5 7. Bc4 Nxc3 8.
bxc3 c5 9. O-O Nd7 10. Qe2 Qc7 11. a4 e6 12. a5 Rb8 13. e4 b6 14. axb6 axb6 15.
e5 Bb7 16. Bd3 Ra8 17. Rb1 Bd5 18. Be4 Ra2 19. Rb2 Rxb2 20. Bxb2 Qb7 21. Ng5
Bxe4 22. Nxe4 Qd5 23. c4 Qb7 24. dxc5 bxc5 25. Nf6+ Nxf6 26. exf6 Bh6 27. Be5
Rd8 28. f4 Qb3 29. h3 Qb4 30. Kh2 Bf8 31. Qe4 Qd2 32. Rf3 Qd1 33. Ra3 Qc1 34.
Ra1 Qd2 35. Qc6 Qf2 36. Ra7 Rd1 37. Qf3 Qg1+ 38. Kg3 Qe1+ 39. Kg4 Rd8 40. Bc3
Qb1 41. Kh4 Qf5 42. Be5 g5+ 43. Kg3 Rd3  0-1

[Event "M.Chigorin Memorial 2017 "]
[Site "?????-?????????"]
[Date "2017.10.26"]
[Round "6"]
[Board "103"]
[White "Aga, Rihard"]
[Black "Kharmunova, Nadezhda"]
[Result "1/2-1/2"]
[WhiteElo "1842"]
[BlackElo "2199"]
[PlyCount "112"]
[EventDate "2017.10.21"]
[EventRounds "9"]
[EventCountry "RUS"]

1. d4 Nf6 2. c4 e6 3. Nf3 b6 4. a3 Bb7 5. Nc3 Ne4 6. Nxe4 Bxe4 7. Bg5 Be7 8.
Bxe7 Qxe7 9. e3 O-O 10. Bd3 f5 11. Rc1 d6 12. Bxe4 fxe4 13. Nd2 Qh4 14. O-O Nd7
15. g3 Qh3 16. Nxe4 h6 17. f4 Rf7 18. Nf2 Qf5 19. e4 Qa5 20. Rc3 Nf8 21. b4 Qa6
22. Qb3 Qb7 23. Rfc1 a5 24. c5 axb4 25. Qxb4 dxc5 26. dxc5 Qa6 27. cxb6 cxb6
28. Rb3 Rd7 29. Qxb6 Qxb6 30. Rxb6 Rxa3 31. Rc2 Rda7 32. e5 Ra2 33. Rxa2 Rxa2
34. Rb7 Rd2 35. Re7 Rd4 36. h4 Rc4 37. Kg2 Rc2 38. h5 Ra2 39. Kf3 Ra3+ 40. Kg4
Re3 41. Ra7 g6 42. hxg6 Nxg6 43. Nh1 Re1 44. Kh5 Nf8 45. Nf2 Rf1 46. Ne4 Rh1+
47. Kg4 Ng6 48. Nc5 Nf8 49. Re7 h5+ 50. Kg5 h4 51. gxh4 Rg1+ 52. Kh5 Ng6 53.
Re8+ Kf7 54. Ra8 Nxf4+ 55. Kh6 Rg6+ 56. Kh7 Rg7+  1/2-1/2